Normal view MARC view
  • Estudiantes

Entry Materia

Number of records used in: 9

001 - NÚMERO DE CONTROL DEL REGISTRO

  • campo de control: 22514

003 - IDENTIFICADOR DE NUMERO DE CONTROL

  • campo de control: MX-MxUPN

005 - FECHA Y HORA DE LA ÚLTIMA TRANSACCIÓN

  • campo de control: 20240902005323.0

008 - DATOS DE LONGITUD FIJA

  • campo de control de longitud fija: 240902n||acnnnbabn n ana |d

035 ## - NÚMERO DE CONTROL DEL SISTEMA

  • Número de control del sistema: UPN10000022523

040 ## - FUENTE DE LA CATALOGACIÓN

  • Lengua de catalogación: spa
  • Agencia de transcripción: MX-MxUPN
  • Centro catalogador de origen: MX-MxUPN

150 ## - ENCABEZAMIENTO - TEMÁTICO

  • Término de materia o nombre geográfico como elemento inicial: Estudiantes
  • Subdivisión de materia general: Condiciones económicas

450 ## - VÉASE - MATERIA

  • Encabezamiento temático: Estudiantes -
  • Subdivisión temática general: Condición socio-económica

450 ## - VÉASE - MATERIA

  • Encabezamiento temático: Estudiantes -
  • Subdivisión temática general: Situación socio-económica

670 ## - FUENTE EN LA QUE SE LOCALIZARON DATOS

  • Cita de la fuente: LC
  • Información localizada: Students - Economic conditions

670 ## - FUENTE EN LA QUE SE LOCALIZARON DATOS

  • Cita de la fuente: Autoridades BGTQ, 01 septiembre 2024 :
  • Información localizada: (Estudiantes -- Condiciones económicas)

902 ## - CATALOGADOR

  • Catalogador: CAA/251113
  • Catalogador: MaríaRobles/010924